El retrato / (Record no. 187416)

MARC details
000 -LEADER
campo de control de longitud fija 01070nam a2200229 i 4500
001 - NÚMERO DE CONTROL
campo de control 187416
003 - IDENTIFICADOR DE NÚMERO DE CONTROL
campo de control SpMaBN
005 - FECHA Y HORA DE LA ÚLTIMA TRANSACCIÓN
campo de control 20250823002624.0
008 - DATOS DE LONGITUD FIJA--INFORMACIÓN GENERAL
campo de control de longitud fija 170703s1969 sp ac |||| |dspa d
080 ## - NÚMERO DE LA CLASIFICACIÓN DECIMAL UNIVERSAL
Número de la Clasificación Decimal Universal 75.041.5:061.43(460.27 M.)"1969"
245 03 - MENCIÓN DEL TÍTULO
Título El retrato /
Mención de responsabilidad, etc. Comisaría General de Exposiciones de la Dirección General de Bellas Artes del Ministerio de Educación y Ciencia, en colaboración con la Confederación Española de Cajas de Ahorro ; [textos], Luis González Robles y Joaquín de la Fuente.
260 ## - PUBLICACIÓN, DISTRIBUCIÓN, ETC.
Lugar de publicación, distribución, etc. [Madrid] :
Nombre del editor, distribuidor, etc. Comisaría General de Exposiciones de la Dirección General de Bellas Artes del Ministerio de Educación y Ciencia,
Fecha de publicación, distribución, etc. [1969]
300 ## - DESCRIPCIÓN FÍSICA
Extensión 50 p. :
Otras características físicas il. ;
Dimensiones 25 cm.
650 #4 - PUNTO DE ACCESO ADICIONAL DE MATERIA--TÉRMINO DE MATERIA
Término de materia o nombre geográfico como elemento de entrada Retratos-
Subdivisión geográfica España-
Subdivisión de forma Exposiciones.
9 (RLIN) 163331
655 #7 - TERMINO DE INDIZACIÓN--GENERO/FORMA
Fuente del término tgfbne
9 (RLIN) 193628
Datos o término principal de género/forma Catálogos de exposiciones
700 1# - ENTRADA AGREGADA--NOMBRE PERSONAL
Nombre de persona González Robles, Luis.
9 (RLIN) 58916
700 1# - ENTRADA AGREGADA--NOMBRE PERSONAL
Nombre de persona Puente, Joaquín de la.
9 (RLIN) 94146
710 1# - ENTRADA AGREGADA--NOMBRE DE ENTIDAD CORPORATIVA
Nombre de entidad corporativa o nombre de jurisdicción como elemento de entrada España.
Unidad subordinada Comisaría General de Exposiciones
9 (RLIN) 3633
852 ## - LOCALIZACIÓN
Ubicación ES-MaACL
Número de control de estantería L-31757
942 ## - ELEMENTOS DE ENTRADA SECUNDARIOS (KOHA)
Fuente del sistema de clasificación o colocación Clasificación decimal universal
Holdings
Estatus retirado Estado de pérdida Estado de daño No para préstamo Biblioteca de origen Biblioteca actual Ubicación en estantería Fecha de adquisición Fuente de adquisición Total de préstamos Signatura topográfica completa Código de barras Visto por última vez Precio de reemplazo Tipo de ítem Koha
        Biblioteca del Ateneo de Madrid Biblioteca del Ateneo de Madrid Depósito 2 03/07/2017     L-31757 1197835 23/02/2023 23/02/2023 Libro impreso